| 000 | 01018cam a2200265 a 4500 | ||
|---|---|---|---|
| 001 | 185 | ||
| 003 | BR-CuiBMT | ||
| 005 | 20231114212826.0 | ||
| 008 | 230824s2021 mgba 000 0 por d | ||
| 020 | _a9786555181531 | ||
| 040 |
_aBR-CuiBMT _cBR-CuiBMT |
||
| 080 |
_22007 _a351.712.2 _x-048.47 |
||
| 090 |
_a351.712.2-048.47 _bS377c _c2. ed. |
||
| 100 | 1 | _aSchramm, Fernanda Santos | |
| 245 | 1 | 0 |
_aCompliance nas contratações públicas : _batualizado conforme a nova lei de licitações (Lei federal n° 14.133/2021) e a ISO 37301:2021 / _cFernanda Santos Schramm ; prefácio: Gustavo Henrique Justino de Oliveira. |
| 250 | _a2. ed., rev., ampl. e atual. | ||
| 260 |
_aBelo Horizonte : _bFórum, _c2021. |
||
| 300 |
_a416 p. : _bil. ; _c22 cm |
||
| 504 | _aInclui bibliografia. | ||
| 590 | _aA Biblioteca possui a 1. reimpr. 2021. | ||
| 650 |
_aDireito administrativo _xLicitação pública |
||
| 650 |
_aAdministração pública _xProgramas de compliance |
||
| 650 | _aContratações públicas | ||
| 942 |
_2udc _cLV |
||
| 999 |
_c185 _d185 |
||